| 000 | 01260nam a2200325 c 4500 | ||
|---|---|---|---|
| 003 | BLK | ||
| 005 | 20250512155809.0 | ||
| 008 | 180408b bul|||||r ||||||| ||bul|| | ||
| 010 | _aKNG00080128000 | ||
| 040 | _aBLK | ||
| 041 |
_aBUL _cBUL |
||
| 080 |
_aАмериканска литература (на САЩ) _b821.111(73) _x-32 _z821.111(73)-32 |
||
| 700 | 1 |
_aХичкок, Алфред _eпредставя _9370685 |
|
| 700 | 1 |
_aПеев, Богомил _eпрев. от англ. _9371800 |
|
| 700 | 1 |
_aВасилева, Иглика _eсъстав. _9363502 |
|
| 139 |
_aМистерии _bМ 69 |
||
| 245 | 1 | 0 |
_aМистерии _bРазкази _cпредставя Алфред Хичкок; прев. от англ. Богомил Пеев; състав. Иглика Василева. |
| 257 | _aUSA | ||
| 260 |
_аСофия _bЗодиак-ВН _c1992 |
||
| 300 |
_a327 с. _c20 см |
||
| 380 | _aX | ||
| 500 | _aПрев. е от Alfred Hitchcock's Mistery Magazine. - Офс. изд. - 20 000 тир. | ||
| 653 | _aразкази | ||
| 852 | _aЦб 167795 | ||
| 856 | 4 |
_qpdf _u |
|
| 856 | 4 |
_qpdf _u |
|
| 942 |
_cKNG _n0 _01 |
||
| 944 |
_aCR _c01.11.2011 _lРусанова Ирена _k30542 |
||
| 944 |
_aED _c24.11.2011 _lф / _k |
||
| 999 |
_c75708 _d75708 |
||